Pinku the pony : (Record no. 9540)
[ view plain ]
| 000 -LEADER | |
|---|---|
| fixed length control field | 00897nam a22002657a 4500 |
| 001 - CONTROL NUMBER | |
| control field | 9540 |
| 003 - CONTROL NUMBER IDENTIFIER | |
| control field | FISKH |
| 005 - DATE AND TIME OF LATEST TRANSACTION | |
| control field | 20260120120049.0 |
| 008 - FIXED-LENGTH DATA ELEMENTS--GENERAL INFORMATION | |
| fixed length control field | 260120b cb ||||| |||| 00| 0 eng d |
| 020 ## - INTERNATIONAL STANDARD BOOK NUMBER | |
| International Standard Book Number | 9788180062575 |
| 040 ## - CATALOGING SOURCE | |
| Original cataloging agency | FISKH |
| Language of cataloging | eng |
| Transcribing agency | FISKH |
| Modifying agency | FISKH |
| 050 ## - LIBRARY OF CONGRESS CALL NUMBER | |
| Classification number | PZ7 |
| 082 ## - DEWEY DECIMAL CLASSIFICATION NUMBER | |
| Classification number | 599.7 |
| 100 ## - MAIN ENTRY--PERSONAL NAME | |
| Personal name | Anonymous |
| Relator term | Author |
| 245 ## - TITLE STATEMENT | |
| Title | Pinku the pony : |
| Remainder of title | A baby animal story book / |
| 260 ## - PUBLICATION, DISTRIBUTION, ETC. | |
| Place of publication, distribution, etc. | Mumbai : |
| Name of publisher, distributor, etc. | Alka Publications , |
| 300 ## - PHYSICAL DESCRIPTION | |
| Extent | 10 unnumbered pages : |
| Other physical details | color illustrations ; |
| Dimensions | 10 x 18 cm |
| 505 ## - FORMATTED CONTENTS NOTE | |
| Formatted contents note | C<br/> |
| 520 ## - SUMMARY, ETC. | |
| Summary, etc. | Pinku the Pony follows a pony named Pinku through simple, child-friendly scenes that introduce basic vocabulary and concepts, using bright illustrations and minimal text to engage toddlers and emerging readers. |
| 521 8# - TARGET AUDIENCE NOTE | |
| Target audience note | 100<br/> |
| Source | Lexile estimate<br/> |
| 521 8# - TARGET AUDIENCE NOTE | |
| Target audience note | C<br/> |
| Source | Raz-Plus<br/> |
| 650 ## - SUBJECT ADDED ENTRY--TOPICAL TERM | |
| Topical term or geographic name entry element | Board book |
| Form subdivision | Pony |
| 942 ## - ADDED ENTRY ELEMENTS (KOHA) | |
| Source of classification or shelving scheme | Dewey Decimal Classification |
| Koha item type | Books |
| Suppress in OPAC | No |
| Withdrawn status | Lost status | Source of classification or shelving scheme | Damaged status | Not for loan | Collection | Home library | Current library | Shelving location | Date acquired | Total Checkouts | Full call number | Barcode | Date last seen | Copy number | Price effective from | Koha item type |
|---|---|---|---|---|---|---|---|---|---|---|---|---|---|---|---|---|
| Dewey Decimal Classification | Juvenile Fiction | Footprints International School Library Network Toul Tom Poung Campus | Footprints International School Library Network Toul Tom Poung Campus | TTP Primary Green Bookshelves | 01/20/2026 | ANO 599.7 PZ7 | 2026-0065 | 01/20/2026 | 1 | 01/20/2026 | Books |
